Statistics for KPOP 2024 MV most viewed(30/5 update)

Click here to take the quiz!

General Stats

  • This quiz has been taken 116 times
    (5 since last reset)
  • The average score is 31 of 50

Answer Stats

RankViewsArtistSong% Correct
959.480.990M+TXTDeja Vu
100%
1344.580.481M+BOYNEXTDOOREarth, Wind & Fire
100%
1735.988.245M+VFRI(END)S
100%
1152.036.299M+SEVENTEENMAESTRO
100%
580.730.332M+ILLITMagnetic
100%
1056.266.034M+aespaSupernova
100%
1540.580.215M+NewJeansBubble Gum
75%
486.103.874M+LE SSERAFIMEASY
75%
2230.926.893M+ZEROBASEONEFeel the POP
75%
1638.424.646M+IVEHEYA
75%
3221.641.812M+RIIZEImpossible
75%
4416,365,372M+P1HarmonyKillin' It
75%
3917.529.676M+SEVENTEEN
(Hiphop team)
LALALI
75%
1931.547.039M+Stray Kids(ft.
Charlie Puth)
Lose My Breath
75%
2823.441.901M+RIIZELove 119
75%
3520.033.015M+ILLITLucky Girl Syndrome
75%
2526.814.404M+TWSPlot Twist
75%
1230.270.333M+BABYMONSTERSHEESH
75%
668.253.327M+LE SSERAFIMSmart
75%
1250.239.346M+ZICO(ft. JENNIE)SPOT!
75%
392.852.168M+(G)I-DLESuper Lady
75%
864.019.867M+(G)I-DLEWife
75%
2031,418,788M+YOUNG POSSEXXL
75%
4316.970.105M+IVEAccendio
50%
4815.337.546M+aespaArmageddon
50%
3121,662,444M+BIBIBam Yang Gang
50%
2427,560,322M+HIGHLIGHTBODY
50%
2131.270.539M+NMIXXDASH
50%
4217.122.701M+CHUNGHA(ft.
Hongjoong)
EENIE MEENIE
50%
4715.934.932M+Jongho(ATEEZ)Everything
50%
3022.861.933M+YUQI((G)I-DLE)FREAK
50%
4017.391.869M+THE NEW SIXFUEGO
50%
2923,055,391M+ALL(H)OURSGOTCHA
50%
3420.033.095M+Hui(PENTAGON)Hmm BOP
50%
1832.795.823M+TWICEI GOT YOU
50%
3717.905.205M+Yeosang, San,
Wooyoung(ATEEZ)
IT's You
50%
767.669.242M+IULove wins all
50%
3817.901.190M+Hongjoong,
Seonghwa(ATEEZ)
MATZ
50%
3321,013,957M+KISS OF LIFEMidas Touch
50%
2328,930,026M+THE BOYZNectar
50%
1440.827.883M+TWICEONE SPARK
50%
3618,132,653M+CHA EUN WOOSTAY
50%
2115.803.183M+BABYMONSTERStuck In The Middle
50%
2625.788.426M+ITZYUNTOUCHABLE
50%
4516.211.909M+Yunho, Mingi
(ATEEZ)
Youth
50%
2725,040,517M+EPEXYouth2Youth
50%
4915.062.508M+NOWADAYSOoWee
25%
4117.162.512M+NEXZRide the Vibe
25%
4615.997.660M+NCT DREAMSmoothie
25%
5014,736,715M+Moon ByulTOUCHING&MOVING
25%

Score Distribution

Percentile by Number Answered

Percent of People with Each Score

Your Score History

You have not taken this quiz since the last reset